000 00324 a2200109 4500
001 ART_44628
005 20260410161629.0
008 260409a
245 1 0 _aNormas contables aplicables en los negocios conjuntos
100 1 _aTorres, Carlos Federico
773 0 _tEnfoques
_g- NÂș 11 (nov. 2017)
_wREV416
999 _c12321
_d12321